000 00323 a2200109 4500
001 ART_38587
005 20260410162011.0
008 260409a
245 1 0 _aLa responsabilidad social empresaria en Argentina
100 1 _aPalacios, Clide Lidia
773 0 _tAnuario
_g- NÂș 6 (ene./dic. 2009)
_wREV38525
999 _c32216
_d32216